| 000 | 00000nam 2200000zi 4500 |
| 001 | 9.910159 |
| 003 | CaOODSP |
| 005 | 20220509115342 |
| 006 | m o d f |
| 007 | cr cn||||||||| |
| 008 | 220411e20220509onc obf f000 0 eng d |
| 020 | |a9780660430232 |
| 040 | |aCaOODSP|beng|erda|cCaOODSP |
| 043 | |an-cn--- |
| 086 | 1 |aCS172-00002/2022-2E-PDF |
| 100 | 1 |aSubedi, Rajendra, |eauthor. |
| 245 | 10|aCanadian social environment typology user guide / |cby Rajendra Subedi, Nicole Aitken, and Lawson Greenberg. |
| 264 | 1|a[Ottawa] : |bStatistics Canada = Statistique Canada, |cMay 9, 2022. |
| 264 | 4|c©2022 |
| 300 | |a1 online resource (14 pages) |
| 336 | |atext|btxt|2rdacontent |
| 337 | |acomputer|bc|2rdamedia |
| 338 | |aonline resource|bcr|2rdacarrier |
| 500 | |aIssued also in French under title: Typologie de l'environnement social canadien, guide de l'utilisateur. |
| 500 | |aIssued also in HTML format. |
| 504 | |aIncludes bibliographical references. |
| 650 | 0|aCensus districts|zCanada|xStatistics|vHandbooks, manuals, etc. |
| 651 | 0|aCanada|xPopulation|xStatistics|vHandbooks, manuals, etc. |
| 651 | 0|aCanada|xSocial conditions|xStatistics|vHandbooks, manuals, etc. |
| 651 | 0|aCanada|xCensus, 2016. |
| 655 | 7|aHandbooks and manuals|2lcgft |
| 710 | 2 |aStatistics Canada, |eissuing body. |
| 775 | 08|tTypologie de l'environnement social canadien, guide de l'utilisateur / |w(CaOODSP)9.910161 |
| 856 | 40|qPDF|s206 KB|uhttps://publications.gc.ca/collections/collection_2022/statcan/172000022022002-eng.pdf |
| 856 | 4 |qHTML|sN/A|uhttps://www150.statcan.gc.ca/n1/pub/17-20-0002/172000022022002-eng.htm |
| 986 | |a17-20-0002 |